LEADER 00950nam a2200217 u 4500 001 000000054608 003 CaOOAMICUS 005 20070226115707.0 008 001218n fr u000 u fre u 035 $a10864064 040 $aPUL(R)$bita 100 1 $aMichaud, Humbert.$0(OLS)http://pul/name/38654 245 10$aAnalyse de la revolution moderne :$bprincipes d'une nouvelle philosophie réaliste /$cHumbert Michaud. 260 $aParis :$bC.D.U. et S.E.D.E.S,$c[s. d.] 300 $a104 p. ;$c21 cm 650 4$aFilosofia e scienza.$0(OLS)http://pul/subject/7564 850 $aPUL 852 $aPUL$W1$xDP1 Fondo Giannini$y60$m1557 D 33$j71908$nBK-PRI$b $qFondi$B71908$CPULBib$Z2$F71908 $H $81 941 1 $a1 996 $6245$aAnalyse de la revolution moderne :$bprincipes d'une nouvelle philosophie réaliste$9(OLS)http://pul/title/73197 996 $6260$aParis :$bC.D.U. et S.E.D.E.S$9(OLS)http://pul/publisher/68818 LEADER 01488nam a2200337 a 4500 001 000000138508 003 CaOOAMICUS 005 20140526144717.0 008 140526s2013 it u000 u ita r 020 $a978-88-6760-099-1 040 $aPUL$bita 082 04$a340.54 100 1 $aBretone, Mario,$d1932-$0(OLS)http://pul/name/30622 245 10$aSoliloquio sul diritto antico :$bla filosofia di una tecnica /$cMario Bretone. 260 $aLecce :$bPensa Multimedia,$c©2013. 300 $a139 p. ;$c21 cm 490 1 $aBotte di Diogene ;$v03 504 $aBibliografia in nota. 600 04$aIustinianus$bI,$cimperatore d'Oriente,$d482-565.$0(OLS)http://pul/subject/1584 650 4$aDiritto romano$xStoria.$0(OLS)http://pul/subject/1406 830 0$aBotte di Diogene ;$v03.$0(OLS)http://pul/title/175324 850 $aPUL 852 $aPUL$W1$xSL Diritto e Scienze Sociali 3$y79$m340. 54 BREMA 1$j159785$qDDC 21$q $B159297$CPULBib$Z2$F159297 $H124041 $81 941 1 $a9 960 $aJustinianus,$bI,$cimperatore d'Oriente,$d482-565$91584 960 $aGiustiniano$bI,$cimperatore d'Oriente,$d482-565$91584 996 $6020$a978-88-6760-099-1 $9(OLS)http://pul/number/155329 996 $6082$a340.54$9(OLS)http://pul/classification/477 996 $6245$aSoliloquio sul diritto antico :$bla filosofia di una tecnica$9(OLS)http://pul/title/175325 996 $6260$aLecce :$bPensa Multimedia$9(OLS)http://pul/publisher/80353